000 00435nam a2200193Ia 4500
008 240510s9999 xx 000 0 und d
020 _a9780130858986
041 _aEng
082 _a658.478
082 _bA51
100 _aBRINSON;J.D (et-al)
245 0 _aAnalyzing E-Commerce & Internet Law
260 _bUSA,Prentice Hall
260 _c2001
300 _a545 p.
650 _aE-Commerce
942 _2ddc
942 _cRBK
999 _c28926
_d28926
945 _a1
_bMadushi Gamage
_c1
_dMadushi Gamage